[Event "Bundesliga 9495"]
[Site "Deutschland"]
[Date "1994.??.??"]
[Round "?.7"]
[White "Liebau, Andreas"]
[Black "Schuh, Hubert"]
[Result "1/2-1/2"]
[WhiteElo "2220"]
[BlackElo "2345"]
[PlyCount "50"]
[EventDate "1994.10.??"]
[EventType "team"]
[EventRounds "15"]
[EventCountry "GER"]
[SourceTitle "Bundesliga 9495"]
[Source "DeepChess"]
[SourceDate "2005.01.01"]
[SourceVersion "1"]
[SourceVersionDate "2005.01.01"]
[SourceQuality "1"]
[WhiteTeam "SC Stadthagen e.V."]
[BlackTeam "SK Zaehringen 1921"]
[WhiteTeamCountry "GER"]
[BlackTeamCountry "GER"]

1. d4 Nf6 2. Nf3 e6 3. e3 b6 4. Bd3 Bb7 5. O-O c5 6. Nbd2 cxd4 7. exd4 Be7 8.
Re1 O-O 9. Ne4 Nxe4 10. Bxe4 Bxe4 11. Rxe4 d5 12. Re1 Nd7 13. a4 a6 14. Qd3 Qc7
15. c3 Rfc8 16. Bg5 Bd6 17. Bh4 Qc4 18. Qxc4 Rxc4 19. Bg3 Bf8 20. Ne5 Nxe5 21.
Bxe5 Rac8 22. Bf4 b5 23. axb5 axb5 24. Bd2 b4 25. Kf1 bxc3 1/2-1/2

[Event "Bundesliga 9495"]
[Site "Deutschland"]
[Date "1994.??.??"]
[Round "?.2"]
[White "Thesing, Matthias"]
[Black "Schmittdiel, Eckhard"]
[Result "1/2-1/2"]
[WhiteElo "2400"]
[BlackElo "2495"]
[PlyCount "51"]
[EventDate "1994.10.??"]
[EventType "team"]
[EventRounds "15"]
[EventCountry "GER"]
[SourceTitle "Bundesliga 9495"]
[Source "DeepChess"]
[SourceDate "2005.01.01"]
[SourceVersion "1"]
[SourceVersionDate "2005.01.01"]
[SourceQuality "1"]
[WhiteTeam "SC Stadthagen e.V."]
[BlackTeam "SV Tuebingen 1870 e.V."]
[WhiteTeamCountry "GER"]
[BlackTeamCountry "GER"]

1. e4 c5 2. Nc3 Nc6 3. Bb5 Nd4 4. Nf3 g6 5. Nxd4 cxd4 6. Ne2 Bg7 7. O-O a6 8.
Ba4 b5 9. Bb3 Bb7 10. d3 e6 11. Qe1 Ne7 12. Bd2 a5 13. a4 b4 14. f3 Nc6 15. Qg3
Qe7 16. Bf4 e5 17. Bd2 Nd8 18. f4 d6 19. f5 Bf6 20. c3 Bh4 21. Qf3 gxf5 22.
Qxf5 h5 23. g3 Bc8 24. Qf2 Rg8 25. Kh1 dxc3 26. gxh4 1/2-1/2

[Event "Bundesliga 9495"]
[Site "Deutschland"]
[Date "1994.??.??"]
[Round "?.3"]
[White "Horvath, Tamas"]
[Black "Lingnau, Carsten"]
[Result "1/2-1/2"]
[WhiteElo "2435"]
[BlackElo "2400"]
[PlyCount "44"]
[EventDate "1994.10.??"]
[EventType "team"]
[EventRounds "15"]
[EventCountry "GER"]
[SourceTitle "Bundesliga 9495"]
[Source "DeepChess"]
[SourceDate "2005.01.01"]
[SourceVersion "1"]
[SourceVersionDate "2005.01.01"]
[SourceQuality "1"]
[WhiteTeam "SV Tuebingen 1870 e.V."]
[BlackTeam "SC Stadthagen e.V."]
[WhiteTeamCountry "GER"]
[BlackTeamCountry "GER"]

1. e4 c5 2. Nf3 d6 3. d4 cxd4 4. Nxd4 Nf6 5. Nc3 a6 6. Be3 e5 7. Nf3 Qc7 8. a4
Be7 9. Be2 O-O 10. O-O b6 11. Bg5 Nbd7 12. Nd2 Bb7 13. Bc4 h6 14. Bxf6 Nxf6 15.
Qe2 Rfd8 16. Rfd1 d5 17. exd5 Nxd5 18. Nxd5 Bxd5 19. Bxd5 Rxd5 20. Ne4 Rd4 21.
c3 Rxd1+ 22. Rxd1 Qc6 1/2-1/2

[Event "Bundesliga 9495"]
[Site "Deutschland"]
[Date "1994.??.??"]
[Round "?.4"]
[White "Gauglitz, Gernot"]
[Black "Kraut, Rainer"]
[Result "1-0"]
[WhiteElo "2410"]
[BlackElo "2415"]
[PlyCount "95"]
[EventDate "1994.10.??"]
[EventType "team"]
[EventRounds "15"]
[EventCountry "GER"]
[SourceTitle "Bundesliga 9495"]
[Source "DeepChess"]
[SourceDate "2005.01.01"]
[SourceVersion "1"]
[SourceVersionDate "2005.01.01"]
[SourceQuality "1"]
[WhiteTeam "SC Stadthagen e.V."]
[BlackTeam "SV Tuebingen 1870 e.V."]
[WhiteTeamCountry "GER"]
[BlackTeamCountry "GER"]

1. d4 d5 2. c4 dxc4 3. Nf3 Nf6 4. e3 Bg4 5. Bxc4 e6 6. h3 Bh5 7. Nc3 Nbd7 8.
Be2 Bd6 9. e4 Bb4 10. e5 Nd5 11. Qb3 N7b6 12. O-O a5 13. Ne4 a4 14. Qc2 Bg6 15.
Bb5+ c6 16. Bd3 O-O 17. Nc5 Bxc5 18. Bxg6 hxg6 19. dxc5 Nd7 20. Bd2 b6 21. cxb6
Qxb6 22. Rab1 Rfc8 23. Qe4 c5 24. Rfc1 Qa6 25. Ng5 c4 26. Qh4 Nf8 27. a3 Rc6
28. Ne4 Nd7 29. Bc3 Rb8 30. Bd4 Qb5 31. Rd1 Qb3 32. Rbc1 Qb7 33. Rd2 Qc7 34.
Ng5 Nf8 35. Rdc2 Ne7 36. Qf4 Nd5 37. Qe4 Nd7 38. Qh4 Nf8 39. Ne4 Ne7 40. Qf4
Nd5 41. Qg5 Nd7 42. Nd6 N7b6 43. h4 Ne7 44. Bxb6 Rbxb6 45. h5 Nf5 46. hxg6 Nxd6
47. exd6 Qxd6 48. Rd2 1-0

[Event "Bundesliga 9495"]
[Site "Deutschland"]
[Date "1994.??.??"]
[Round "?.6"]
[White "Danschczyk, Christian"]
[Black "Werner, Marc"]
[Result "1/2-1/2"]
[WhiteElo "2305"]
[BlackElo "2345"]
[PlyCount "74"]
[EventDate "1994.10.??"]
[EventType "team"]
[EventRounds "15"]
[EventCountry "GER"]
[SourceTitle "Bundesliga 9495"]
[Source "DeepChess"]
[SourceDate "2005.01.01"]
[SourceVersion "1"]
[SourceVersionDate "2005.01.01"]
[SourceQuality "1"]
[WhiteTeam "SC Stadthagen e.V."]
[BlackTeam "SV Tuebingen 1870 e.V."]
[WhiteTeamCountry "GER"]
[BlackTeamCountry "GER"]

1. d4 d5 2. c4 c6 3. Nf3 Nf6 4. Nc3 e6 5. Bg5 h6 6. Bh4 dxc4 7. e4 g5 8. Bg3 b5
9. Be2 Nbd7 10. e5 Nh5 11. Nd2 Nxg3 12. fxg3 Be7 13. Bh5 Rf8 14. Qg4 Qb6 15.
O-O Nxe5 16. Qe4 Nd7 17. Rxf7 Rxf7 18. Rf1 Nf6 19. Qg6 Qxd4+ 20. Kh1 Bd7 21.
Qxf7+ Kd8 22. Nf3 Qc5 23. Rd1 Kc7 24. Nd4 Rd8 25. Bf3 e5 26. b4 Qxb4 27. Ndxb5+
cxb5 28. Nd5+ Nxd5 29. Qxd5 Rb8 30. Qxd7+ Kb6 31. Qc6+ Ka5 32. Qc7+ Rb6 33.
Qxa7+ Ra6 34. Qc7+ Rb6 35. Qa7+ Ra6 36. Qc7+ Rb6 37. Qa7+ Ra6 1/2-1/2

[Event "Bundesliga 9495"]
[Site "Deutschland"]
[Date "1994.??.??"]
[Round "?.7"]
[White "Dutschak, Hauke"]
[Black "Liebau, Andreas"]
[Result "1/2-1/2"]
[WhiteElo "2220"]
[BlackElo "2240"]
[PlyCount "88"]
[EventDate "1994.10.??"]
[EventType "team"]
[EventRounds "15"]
[EventCountry "GER"]
[SourceTitle "Bundesliga 9495"]
[Source "DeepChess"]
[SourceDate "2005.01.01"]
[SourceVersion "1"]
[SourceVersionDate "2005.01.01"]
[SourceQuality "1"]
[WhiteTeam "SV Tuebingen 1870 e.V."]
[BlackTeam "SC Stadthagen e.V."]
[WhiteTeamCountry "GER"]
[BlackTeamCountry "GER"]

1. e4 d6 2. d4 Nf6 3. Nc3 e5 4. dxe5 dxe5 5. Qxd8+ Kxd8 6. Bg5 Be6 7. O-O-O+
Nbd7 8. Nf3 Bd6 9. Bb5 Kc8 10. Bxf6 Nxf6 11. Ng5 Rf8 12. Nxe6 fxe6 13. f3 a6
14. Bc4 Kd7 15. Ne2 Ke7 16. Ng3 Nd7 17. c3 b5 18. Be2 Rfb8 19. Kc2 a5 20. Nf1
a4 21. Nd2 Bc5 22. a3 Be3 23. Nb1 Nc5 24. Nd2 Bxd2 25. Rxd2 Nb3 26. Rd3 Nc5 27.
Rd2 Nb3 28. Rd3 Nc5 29. Re3 c6 30. Rd1 Rd8 31. Rxd8 Rxd8 32. Bf1 Nb3 33. Rd3
Rf8 34. Rd1 g5 35. h3 h5 36. Be2 h4 37. Kd3 c5 38. Ke3 Rb8 39. Kf2 b4 40. axb4
cxb4 41. cxb4 Rxb4 42. g3 Nd4 43. Rd2 Nb3 44. Rc2 Nd4 1/2-1/2

[Event "Bundesliga 9495"]
[Site "Deutschland"]
[Date "1994.??.??"]
[Round "?.8"]
[White "Heilemann, Manfred"]
[Black "Roth, Juergen"]
[Result "1/2-1/2"]
[WhiteElo "2270"]
[BlackElo "2255"]
[PlyCount "55"]
[EventDate "1994.10.??"]
[EventType "team"]
[EventRounds "15"]
[EventCountry "GER"]
[SourceTitle "Bundesliga 9495"]
[Source "DeepChess"]
[SourceDate "2005.01.01"]
[SourceVersion "1"]
[SourceVersionDate "2005.01.01"]
[SourceQuality "1"]
[WhiteTeam "SC Stadthagen e.V."]
[BlackTeam "SV Tuebingen 1870 e.V."]
[WhiteTeamCountry "GER"]
[BlackTeamCountry "GER"]

1. d4 d6 2. g3 Nf6 3. Bg2 c6 4. Nf3 Nbd7 5. O-O e5 6. dxe5 dxe5 7. Nc3 Bc5 8.
e4 O-O 9. Qe2 b5 10. Be3 Qb6 11. Bxc5 Qxc5 12. Nh4 b4 13. Nd1 a5 14. Re1 Ba6
15. Qd2 Rfd8 16. Rc1 Nb6 17. Qe3 Qxe3 18. Nxe3 Na4 19. Nd1 Ne8 20. f4 exf4 21.
gxf4 Rac8 22. Nf5 Rc7 23. b3 Nc5 24. Nde3 Ne6 25. Bf1 Bxf1 26. Rxf1 g6 27. Ng3
Nd6 28. Rcd1 1/2-1/2

[Event "Bundesliga 9495"]
[Site "Deutschland"]
[Date "1995.??.??"]
[Round "?.1"]
[White "Chandler, Murray G"]
[Black "Glek, Igor V"]
[Result "0-1"]
[WhiteElo "2535"]
[BlackElo "2590"]
[PlyCount "148"]
[EventDate "1994.10.??"]
[EventType "team"]
[EventRounds "15"]
[EventCountry "GER"]
[SourceTitle "Bundesliga 9495"]
[Source "DeepChess"]
[SourceDate "2005.01.01"]
[SourceVersion "1"]
[SourceVersionDate "2005.01.01"]
[SourceQuality "1"]
[WhiteTeam "SG 1868 Aljech. Solingen"]
[BlackTeam "SG Bochum 31"]
[WhiteTeamCountry "GER"]
[BlackTeamCountry "GER"]

1. e4 e6 2. d4 d5 3. Nc3 Nf6 4. Bg5 Bb4 5. e5 h6 6. Bd2 Bxc3 7. bxc3 Ne4 8. Qg4
g6 9. Bc1 Nxc3 10. Qh3 Na4 11. Qb3 Nb6 12. Nf3 Nc6 13. h4 Bd7 14. Qc3 f5 15.
exf6 Qxf6 16. Be3 O-O-O 17. a4 a5 18. Ne5 Be8 19. Rh3 Qe7 20. Bf4 Qb4 21. Nxc6
Qxc3+ 22. Rxc3 Bxc6 23. Ba6 Nc4 24. Bxc4 dxc4 25. Rxc4 g5 26. Be5 Rh7 27. f3
gxh4 28. Kf2 h3 29. gxh3 Rg8 30. Rc3 Rf7 31. Re3 Rf5 32. c4 Rfg5 33. Re2 Rh5
34. Rd2 Rxh3 35. d5 Bd7 36. Ra3 Rh1 37. Rd4 Rhg1 38. Rf4 exd5 39. cxd5 R8g2+
40. Ke3 Re1+ 41. Kd4 Rd2+ 42. Kc3 Rxd5 43. Rf8+ Be8 44. f4 Kd7 45. Kc4 Rd2 46.
Rf6 Ke7 47. Rg3 Rc1+ 48. Rc3 Rxc3+ 49. Kxc3 Rh2 50. Bd4 Bxa4 51. Rg6 Rh3+ 52.
Kd2 Be8 53. Rg7+ Bf7 54. Bc5+ Ke8 55. Rh7 b6 56. Rh8+ Kd7 57. Rh7 bxc5 58.
Rxf7+ Kd6 59. Rf6+ Kd5 60. Ra6 h5 61. Rxa5 Rf3 62. Ra7 Kd4 63. Rxc7 Rf2+ 64.
Kd1 Rxf4 65. Kc2 c4 66. Rd7+ Ke3 67. Re7+ Kf3 68. Rh7 h4 69. Kd2 Kg3 70. Rg7+
Rg4 71. Re7 h3 72. Re3+ Kh4 73. Ke2 h2 74. Re8 Kg3 0-1

[Event "Bundesliga 9495"]
[Site "Deutschland"]
[Date "1995.??.??"]
[Round "?.3"]
[White "Lau, Ralf"]
[Black "Keitlinghaus, Ludger"]
[Result "1/2-1/2"]
[WhiteElo "2490"]
[BlackElo "2495"]
[PlyCount "91"]
[EventDate "1994.10.??"]
[EventType "team"]
[EventRounds "15"]
[EventCountry "GER"]
[SourceTitle "Bundesliga 9495"]
[Source "DeepChess"]
[SourceDate "2005.01.01"]
[SourceVersion "1"]
[SourceVersionDate "2005.01.01"]
[SourceQuality "1"]
[WhiteTeam "SG 1868 Aljech. Solingen"]
[BlackTeam "SG Bochum 31"]
[WhiteTeamCountry "GER"]
[BlackTeamCountry "GER"]

1. e4 e5 2. Nf3 Nc6 3. Bb5 Nf6 4. O-O Nxe4 5. d4 Nd6 6. Bxc6 dxc6 7. dxe5 Nf5
8. Qxd8+ Kxd8 9. h3 Ke8 10. Nc3 h6 11. b3 a5 12. a4 Bb4 13. Ne2 Be6 14. Bb2 Bd5
15. Nfd4 Nxd4 16. Nxd4 Bc5 17. Nf5 g6 18. Ng3 Rd8 19. Rfd1 Be7 20. Rd3 Be6 21.
Rad1 Rxd3 22. Rxd3 Kf8 23. Bc3 b6 24. Ne2 c5 25. Rd1 Kg7 26. Nf4 Rd8 27. Rxd8
Bxd8 28. Nxe6+ fxe6 29. Kf1 Be7 30. Ke2 c6 31. Kd3 h5 32. Bd2 Kh7 33. c4 Kg7
34. Ke4 Bd8 35. Be3 Be7 36. Kf3 Bd8 37. g4 Be7 38. Kg3 h4+ 39. Kf3 g5 40. Ke4
Kg6 41. f3 Bd8 42. Bf2 Kh6 43. Bg1 Kg6 44. Bh2 Be7 45. f4 gxf4 46. Bxf4 1/2-1/2

[Event "Bundesliga 9495"]
[Site "Deutschland"]
[Date "1995.??.??"]
[Round "?.4"]
[White "Backwinkel, Paul"]
[Black "Podzielny, Karl Heinz"]
[Result "0-1"]
[WhiteElo "2410"]
[BlackElo "2455"]
[PlyCount "128"]
[EventDate "1994.10.??"]
[EventType "team"]
[EventRounds "15"]
[EventCountry "GER"]
[SourceTitle "Bundesliga 9495"]
[Source "DeepChess"]
[SourceDate "2005.01.01"]
[SourceVersion "1"]
[SourceVersionDate "2005.01.01"]
[SourceQuality "1"]
[WhiteTeam "SG Bochum 31"]
[BlackTeam "SG 1868 Aljech. Solingen"]
[WhiteTeamCountry "GER"]
[BlackTeamCountry "GER"]

1. d4 Nf6 2. Nf3 g6 3. Bg5 Bg7 4. Nbd2 O-O 5. e4 d6 6. c3 b6 7. Bd3 Bb7 8. O-O
Nbd7 9. Re1 h6 10. Bh4 Nh5 11. a4 a6 12. Nc4 Re8 13. Bf1 g5 14. Nfd2 Ndf6 15.
Bg3 Nxg3 16. hxg3 e6 17. Qc2 Qe7 18. Ne3 Nd7 19. Rad1 Nf8 20. Be2 Rab8 21. Bf3
Qf6 22. Bh5 Nd7 23. Ndc4 Qe7 24. Ng4 Nf6 25. Nxf6+ Qxf6 26. Ne3 Rf8 27. Ng4 Qe7
28. Ne3 b5 29. axb5 axb5 30. Bf3 Ba8 31. g4 b4 32. Nf1 c5 33. d5 bxc3 34. bxc3
Be5 35. Nd2 Qf6 36. Re3 Bf4 37. Rd3 Rfe8 38. Nc4 exd5 39. exd5 Bb7 40. g3 Ba6
41. Qa2 Bxc4 42. Qxc4 Be3 43. Kg2 Rb2 44. Rf1 Kf8 45. Rdd1 Bd2 46. Rb1 Reb8 47.
Qe4 Bxc3 48. Rxb2 Bxb2 49. Rb1 Rb4 50. Qh7 Rb3 51. Be4 c4 52. Rh1 Bd4 53. Qxh6+
Qxh6 54. Rxh6 Ke7 55. Rh1 Rb2 56. Rc1 Rxf2+ 57. Kh3 Re2 58. Bf3 Re3 59. Kg2 c3
60. Rc2 Kf6 61. Ra2 Ke5 62. Rc2 Bc5 63. Ra2 Kd4 64. Bd1 Re1 0-1

[Event "Bundesliga 9495"]
[Site "Deutschland"]
[Date "1995.??.??"]
[Round "?.5"]
[White "Reeh, Oliver"]
[Black "Jackelen, Thomas"]
[Result "1/2-1/2"]
[WhiteElo "2450"]
[BlackElo "2415"]
[PlyCount "35"]
[EventDate "1994.10.??"]
[EventType "team"]
[EventRounds "15"]
[EventCountry "GER"]
[SourceTitle "Bundesliga 9495"]
[Source "DeepChess"]
[SourceDate "2005.01.01"]
[SourceVersion "1"]
[SourceVersionDate "2005.01.01"]
[SourceQuality "1"]
[WhiteTeam "SG 1868 Aljech. Solingen"]
[BlackTeam "SG Bochum 31"]
[WhiteTeamCountry "GER"]
[BlackTeamCountry "GER"]

1. e4 d5 2. exd5 Qxd5 3. Nf3 Bg4 4. Be2 Nc6 5. Nc3 Qd7 6. h3 Bh5 7. d4 e6 8. d5
exd5 9. Qxd5 Qxd5 10. Nxd5 O-O-O 11. Ne3 Nf6 12. c3 Bc5 13. O-O Rhe8 14. Re1
Nd5 15. g4 Nxe3 16. Bxe3 Bxe3 17. gxh5 Bc5 18. Bc4 1/2-1/2

[Event "Bundesliga 9495"]
[Site "Deutschland"]
[Date "1995.??.??"]
[Round "?.6"]
[White "Luecke, Norbert"]
[Black "Schaefer, Markus"]
[Result "1/2-1/2"]
[WhiteElo "2400"]
[BlackElo "2435"]
[PlyCount "69"]
[EventDate "1994.10.??"]
[EventType "team"]
[EventRounds "15"]
[EventCountry "GER"]
[SourceTitle "Bundesliga 9495"]
[Source "DeepChess"]
[SourceDate "2005.01.01"]
[SourceVersion "1"]
[SourceVersionDate "2005.01.01"]
[SourceQuality "1"]
[WhiteTeam "SG Bochum 31"]
[BlackTeam "SG 1868 Aljech. Solingen"]
[WhiteTeamCountry "GER"]
[BlackTeamCountry "GER"]

1. Nf3 Nf6 2. g3 g6 3. Bg2 Bg7 4. O-O O-O 5. d4 d6 6. a4 c6 7. Nc3 d5 8. h3 Ne4
9. Nxe4 dxe4 10. Nd2 f5 11. c3 Be6 12. f3 exf3 13. Rxf3 Nd7 14. e4 fxe4 15.
Rxf8+ Qxf8 16. Nxe4 h6 17. Be3 Qf7 18. Qd2 g5 19. Rf1 Qg6 20. Qd3 Rf8 21. Rxf8+
Kxf8 22. c4 Nf6 23. g4 h5 24. gxh5 Nxh5 25. d5 cxd5 26. cxd5 Bf5 27. d6 exd6
28. Qxd6+ Qxd6 29. Nxd6 Bd7 30. Nxb7 Bxb2 31. Nc5 Bf5 32. Ne4 Nf4 33. Nxg5 Nxg2
34. Kxg2 a6 35. Nf3 1/2-1/2

[Event "Bundesliga 9495"]
[Site "Deutschland"]
[Date "1995.??.??"]
[Round "?.7"]
[White "Zysk, Robert"]
[Black "Sonntag, Hans Hubert"]
[Result "1/2-1/2"]
[WhiteElo "2450"]
[BlackElo "2410"]
[PlyCount "140"]
[EventDate "1994.10.??"]
[EventType "team"]
[EventRounds "15"]
[EventCountry "GER"]
[SourceTitle "Bundesliga 9495"]
[Source "DeepChess"]
[SourceDate "2005.01.01"]
[SourceVersion "1"]
[SourceVersionDate "2005.01.01"]
[SourceQuality "1"]
[WhiteTeam "SG 1868 Aljech. Solingen"]
[BlackTeam "SG Bochum 31"]
[WhiteTeamCountry "GER"]
[BlackTeamCountry "GER"]

1. e4 e5 2. Nf3 Nc6 3. Bc4 Bc5 4. c3 Nf6 5. d3 d6 6. b4 Bb6 7. a4 a6 8. O-O O-O
9. Ba3 Ne7 10. Nbd2 Ng6 11. b5 axb5 12. axb5 Re8 13. Qb3 Be6 14. Ng5 d5 15.
exd5 Nxd5 16. Nxe6 fxe6 17. Ne4 Kh8 18. g3 Qd7 19. Qd1 Nf6 20. Qf3 Nxe4 21.
Qxe4 Rab8 22. h4 Qf7 23. Rae1 Qf5 24. Kg2 Qxe4+ 25. Rxe4 h5 26. Rfe1 Ra8 27.
Bc1 Ra1 28. Bg5 Rxe1 29. Rxe1 Bc5 30. Bb3 Nf8 31. Rxe5 Bd6 32. Re4 Kg8 33. Bd5
b6 34. Bc6 Rb8 35. d4 Kf7 36. Re3 Nh7 37. Rf3+ Nf6 38. c4 e5 39. dxe5 Bxe5 40.
Rd3 Bd6 41. f3 Ke6 42. Rd2 Kf7 43. Be3 Ng8 44. g4 hxg4 45. fxg4 Ne7 46. Be4 Be5
47. h5 Ke6 48. Bg5 Bd6 49. Re2 Kf7 50. Ra2 Ke6 51. Ra8 Rxa8 52. Bxa8 Ke5 53.
Be3 Bc5 54. Kf3 Bxe3 55. Kxe3 Ng8 56. Bf3 Nh6 57. Be2 Nf7 58. Bd3 Ng5 59. Bf5
Nf7 60. Be4 Ng5 61. Bd5 Nh3 62. Kf3 Ng5+ 63. Kg3 Nh7 64. Kh4 Kf6 65. Kg3 Ke5
66. Kf3 Ng5+ 67. Ke3 Nh3 68. Be4 Ng5 69. Bf5 Nf7 70. Kd3 Ng5 1/2-1/2

[Event "Bundesliga 9495"]
[Site "Deutschland"]
[Date "1995.??.??"]
[Round "?.8"]
[White "Kassebaum, Roman"]
[Black "Seul, Georg"]
[Result "1-0"]
[WhiteElo "2345"]
[BlackElo "2440"]
[PlyCount "105"]
[EventDate "1994.10.??"]
[EventType "team"]
[EventRounds "15"]
[EventCountry "GER"]
[SourceTitle "Bundesliga 9495"]
[Source "DeepChess"]
[SourceDate "2005.01.01"]
[SourceVersion "1"]
[SourceVersionDate "2005.01.01"]
[SourceQuality "1"]
[WhiteTeam "SG Bochum 31"]
[BlackTeam "SG 1868 Aljech. Solingen"]
[WhiteTeamCountry "GER"]
[BlackTeamCountry "GER"]

1. e4 d6 2. d4 g6 3. Nf3 Bg7 4. Nc3 Nf6 5. h3 O-O 6. Be3 c6 7. a4 Nbd7 8. a5
Rb8 9. Qd2 b5 10. axb6 axb6 11. Bd3 e5 12. O-O b5 13. Ne2 exd4 14. Nexd4 Bb7
15. Bf4 Nc5 16. Rfe1 Nxd3 17. cxd3 Qd7 18. Bh6 Ne8 19. Bxg7 Kxg7 20. Qg5 f6 21.
Qg3 Kh8 22. Nb3 Ng7 23. d4 Qe7 24. Rac1 Ba8 25. e5 Qf7 26. Na5 Qd7 27. exd6 Nf5
28. Qf4 Rbd8 29. Nb3 Qxd6 30. Qxd6 Rxd6 31. g4 Ng7 32. Nc5 Rf7 33. Ra1 Rd8 34.
Ra6 Ne8 35. Ne6 Rc8 36. Rea1 Re7 37. Nc5 Nc7 38. Ra7 Rce8 39. Kg2 Kg8 40. Kg3
Kf7 41. h4 h6 42. g5 Rd8 43. R1a2 hxg5 44. hxg5 fxg5 45. Ne5+ Kf6 46. Ng4+ Kf7
47. Ne5+ Kf6 48. Ng4+ Kf7 49. R2a3 Rde8 50. Ne5+ Kg7 51. Ned7 b4 52. R3a4 Ne6
53. Nxe6+ 1-0

[Event "Bundesliga 9495"]
[Site "Deutschland"]
[Date "1994.??.??"]
[Round "?.1"]
[White "Lutz, Christopher"]
[Black "Adams, Michael"]
[Result "1-0"]
[WhiteElo "2580"]
[BlackElo "2640"]
[PlyCount "135"]
[EventDate "1994.10.??"]
[EventType "team"]
[EventRounds "15"]
[EventCountry "GER"]
[SourceTitle "Bundesliga 9495"]
[Source "DeepChess"]
[SourceDate "2005.01.01"]
[SourceVersion "1"]
[SourceVersionDate "2005.01.01"]
[SourceQuality "1"]
[WhiteTeam "SG Porz e.V."]
[BlackTeam "SG 1868 Aljech. Solingen"]
[WhiteTeamCountry "GER"]
[BlackTeamCountry "GER"]

1. e4 e5 2. Nf3 Nc6 3. Bc4 Nf6 4. d3 Be7 5. O-O O-O 6. Re1 d6 7. c3 Na5 8. Bb5
a6 9. Ba4 b5 10. Bc2 c5 11. Nbd2 Nd7 12. Nf1 Nb6 13. Ne3 Bf6 14. d4 exd4 15.
cxd4 cxd4 16. Nxd4 Re8 17. b3 d5 18. exd5 Bb7 19. Qd3 g6 20. Bd2 Nxd5 21. Ng4
Rxe1+ 22. Rxe1 Bg7 23. Nf5 Nc6 24. Nxg7 Kxg7 25. Bh6+ Kh8 26. Rd1 Ncb4 27. Qd4+
f6 28. Be4 Qe7 29. Nxf6 Qxf6 30. Qxf6+ Nxf6 31. Bxb7 Rb8 32. Bf3 Nxa2 33. Rd6
Ng8 34. Be3 Ne7 35. Rxa6 Nb4 36. Ra7 Nf5 37. Bg5 Rf8 38. h3 Nc2 39. Bd5 Ncd4
40. g4 h6 41. Bd2 Rd8 42. gxf5 Rxd5 43. f6 Nf3+ 44. Kg2 Nxd2 45. Ra8+ Kh7 46.
f7 Rg5+ 47. Kh1 Rf5 48. f8=Q Rxf8 49. Rxf8 Kg7 50. Rb8 Nxb3 51. Rb7+ Kf6 52.
Rb6+ Kf7 53. Rxb5 Nd4 54. Rb4 Ne6 55. Kg2 Kf6 56. Kg3 Kf5 57. Rb5+ Kf6 58. Ra5
Ng5 59. Ra6+ Kf5 60. Ra5+ Kf6 61. h4 Ne6 62. h5 gxh5 63. Rxh5 Kg6 64. Ra5 Ng7
65. Ra6+ Kg5 66. f4+ Kh5 67. Kf3 Nf5 68. Ke4 1-0

[Event "Bundesliga 9495"]
[Site "Deutschland"]
[Date "1994.??.??"]
[Round "?.2"]
[White "Norwood, David"]
[Black "Christiansen, Larry Mark"]
[Result "1/2-1/2"]
[WhiteElo "2545"]
[BlackElo "2575"]
[PlyCount "94"]
[EventDate "1994.10.??"]
[EventType "team"]
[EventRounds "15"]
[EventCountry "GER"]
[SourceTitle "Bundesliga 9495"]
[Source "DeepChess"]
[SourceDate "2005.01.01"]
[SourceVersion "1"]
[SourceVersionDate "2005.01.01"]
[SourceQuality "1"]
[WhiteTeam "SG 1868 Aljech. Solingen"]
[BlackTeam "SG Porz e.V."]
[WhiteTeamCountry "GER"]
[BlackTeamCountry "GER"]

1. Nf3 c5 2. b3 Nc6 3. Bb2 d6 4. c4 e5 5. Nc3 g6 6. g3 Bg7 7. Bg2 Nge7 8. O-O
O-O 9. e3 a6 10. d3 Rb8 11. Qd2 b5 12. Rad1 h6 13. Qc1 Bg4 14. h3 Be6 15. Kh2
Qc7 16. d4 exd4 17. exd4 Nxd4 18. Nxd4 cxd4 19. Ne2 bxc4 20. Nxd4 Bd7 21. Rfe1
Rfe8 22. Bf1 d5 23. bxc4 Qb6 24. Rd2 dxc4 25. Qxc4 Qa5 26. Bc3 Qa3 27. Ba1 Bb5
28. Nxb5 axb5 29. Qb3 Qxb3 30. axb3 Bxa1 31. Rxa1 Nc6 32. Rc1 Na5 33. Rd3 Rec8
34. Ra1 Nc6 35. Rd5 b4 36. Bc4 Rd8 37. Rc5 Rb6 38. Kg2 Kg7 39. Rc1 Rd2 40. Re1
Nd4 41. Re4 Rf6 42. Rf4 Rxf4 43. gxf4 Nf5 44. Rb5 Rb2 45. Rxb4 Ne3+ 46. Kg3
Nxc4 47. Rxc4 Rxb3+ 1/2-1/2

[Event "Bundesliga 9495"]
[Site "Deutschland"]
[Date "1994.??.??"]
[Round "?.4"]
[White "Podzielny, Karl Heinz"]
[Black "Vaganian, Rafael A"]
[Result "1/2-1/2"]
[WhiteElo "2465"]
[BlackElo "2645"]
[PlyCount "64"]
[EventDate "1994.10.??"]
[EventType "team"]
[EventRounds "15"]
[EventCountry "GER"]
[SourceTitle "Bundesliga 9495"]
[Source "DeepChess"]
[SourceDate "2005.01.01"]
[SourceVersion "1"]
[SourceVersionDate "2005.01.01"]
[SourceQuality "1"]
[WhiteTeam "SG 1868 Aljech. Solingen"]
[BlackTeam "SG Porz e.V."]
[WhiteTeamCountry "GER"]
[BlackTeamCountry "GER"]

1. c4 e6 2. Nf3 Nf6 3. Nc3 d5 4. d4 Be7 5. Bg5 h6 6. Bh4 O-O 7. e3 b6 8. Rc1
Bb7 9. Bxf6 Bxf6 10. cxd5 exd5 11. b4 c6 12. Bd3 Nd7 13. O-O a5 14. b5 c5 15.
Bf5 cxd4 16. Nxd4 Nc5 17. Qg4 g6 18. Bb1 Bg7 19. Rfd1 Qd6 20. Nce2 h5 21. Qf3
Rac8 22. Nc6 Bxc6 23. bxc6 Qxc6 24. Nf4 Rfe8 25. Rxd5 Qf6 26. Qd1 Rcd8 27. g3
Bh6 28. Rc4 Ne6 29. Nxe6 Rxd5 30. Qxd5 Qxe6 31. Be4 Bf8 32. Rc7 Bc5 1/2-1/2

[Event "Bundesliga 9495"]
[Site "Deutschland"]
[Date "1994.??.??"]
[Round "?.5"]
[White "Vogt, Lothar"]
[Black "Reeh, Oliver"]
[Result "0-1"]
[WhiteElo "2515"]
[BlackElo "2450"]
[PlyCount "118"]
[EventDate "1994.10.??"]
[EventType "team"]
[EventRounds "15"]
[EventCountry "GER"]
[SourceTitle "Bundesliga 9495"]
[Source "DeepChess"]
[SourceDate "2005.01.01"]
[SourceVersion "1"]
[SourceVersionDate "2005.01.01"]
[SourceQuality "1"]
[WhiteTeam "SG Porz e.V."]
[BlackTeam "SG 1868 Aljech. Solingen"]
[WhiteTeamCountry "GER"]
[BlackTeamCountry "GER"]

1. e4 c5 2. c3 d5 3. exd5 Qxd5 4. d4 Nf6 5. Nf3 Bg4 6. Qa4+ Nc6 7. Bc4 Qe4+ 8.
Be3 Bxf3 9. gxf3 Qxf3 10. Rg1 cxd4 11. cxd4 e6 12. Bb5 Be7 13. Nd2 Qd5 14. Rxg7
h5 15. Rg1 Kf8 16. Rc1 Nd8 17. Be2 Qd6 18. Nf3 Qb4+ 19. Qxb4 Bxb4+ 20. Kf1 Nd5
21. Bc4 Nxe3+ 22. fxe3 Bd6 23. Ke2 Rc8 24. Kd3 Nc6 25. a3 Ke7 26. Bb5 Nb8 27.
Rcf1 a6 28. Ba4 Rhg8 29. h4 f6 30. e4 b5 31. Bb3 Nd7 32. e5 fxe5 33. Ng5 Rcf8
34. Rxf8 Rxf8 35. Bxe6 exd4 36. Bxd7 Kxd7 37. Ne4 Be7 38. Rg6 a5 39. Kxd4 Bxh4
40. Rd6+ Kc7 41. Rd5 Rd8 42. Rxd8 Bxd8 43. Kc5 b4 44. axb4 Be7+ 45. Kd5 Bxb4
46. Nf2 h4 47. b3 Be1 48. Ng4 Bc3 49. Ke4 h3 50. Kf3 Bd4 51. Ke4 Bc5 52. Kf3
Kd6 53. Kg3 Bd4 54. Nh6 Kc5 55. Nf5 Be5+ 56. Kxh3 Kb4 57. Ne7 Kxb3 58. Nc6 a4
59. Nxe5 Kc3 0-1